000 01330pam a2200325 a 4500
001 1462421
003 ARRUPE
005 20220401094108.0
008 861017s1987 nyua b 001 0 eng
010 _a 86028084
020 _a0471083593
040 _aDLC
_cDLC
_dDLC
050 0 0 _aQA279
_b.K54 1987
082 0 0 _a001.4/22
_219
100 1 _aKish, Leslie,
_d1910-
_951113
245 1 0 _aStatistical design for research /
_cLeslie Kish.
260 _aNew York :
_bWiley,
_cc1987.
300 _axxii, 267 p. :
_bill. ;
_c24 cm.
490 1 _aWiley series in probability and mathematical statistics. Applied probability and statistics section,
_x0271-6356
500 _aIncludes index.
504 _aBibliography: p. 254-264.
650 0 _aExperimental design.
_951114
650 0 _aSocial sciences
_xStatistical methods.
_951115
830 0 _aWiley series in probability and mathematical statistics.
_pApplied probability and statistics.
_951116
856 4 2 _3Contributor biographical information
_uhttp://www.loc.gov/catdir/bios/wiley042/86028084.html
856 4 2 _3Publisher description
_uhttp://www.loc.gov/catdir/description/wiley033/86028084.html
856 4 _3Table of Contents
_uhttp://www.loc.gov/catdir/toc/onix04/86028084.html
906 _a7
_bcbc
_corignew
_d1
_eocip
_f19
_gy-gencatlg
942 _2lcc
_cMONOGRAPH
999 _c131194
_d131194